Sports Quiz

Random Sports or MLB Quiz

10 to 1: Highest Paid Athletes (2015) Quiz Stats

 Plays Quiz not verified by Sporcle

Score 0/55 Timer 10:00
3 Plays Today
% Correct
Cristiano Ronaldo
77.1%
LeBron James
77%
Kobe Bryant
76.8%
Lewis Hamilton
76.5%
Tiger Woods
76%
Usain Bolt
75.8%
Neymar
75.7%
Lionel Messi
75.6%
Serena Williams
75.2%
Novak Djokovic
75.2%
Floyd Mayweather
74.7%
Roger Federer
73.9%
Kevin Durant
73.9%
Rafael Nadal
72.6%
Eli Manning
72.4%
Carmelo Anthony
72.4%
Dwyane Wade
72.4%
Wayne Rooney
72%
Peyton Manning
71.9%
Fernando Alonso
71.3%
Andy Murray
70.9%
Maria Sharapova
70.8%
Manny Pacquiao
70.6%
Dwight Howard
70.2%
Derrick Rose
69.6%
Ben Roethlisberger
69.6%
Albert Pujols
69.2%
Chris Paul
68%
% Correct
Zlatan Ibrahimovic
67.8%
Kimi Raikkonen
67.7%
Rory McIlroy
67.7%
Phil Mickelson
66.6%
Sebastian Vettel
66.2%
J.J. Watt
65.3%
Carson Palmer
65.3%
Amar'e Stoudemire
65%
Clayton Kershaw
64.3%
CC Sabathia
63.6%
Andy Dalton
62.5%
Miguel Cabrera
61.8%
Dale Earnhardt Jr.
60.9%
Gareth Bale
60.5%
Prince Fielder
59.8%
Joe Mauer
58.8%
Robinson Cano
58.8%
Cliff Lee
58.3%
Jon Lester
57.9%
Ryan Howard
55.3%
Wladimir Klitschko
55.1%
Mahendra Singh Dhoni
55%
Ndamukong Suh
53.6%
Justin Rose
53%
James Rodriguez
52.4%
Gerald McCoy
51.2%
Sachin Tendulkar
50.4%

You're not logged in!

Compare scores with friends on all Sporcle quizzes.
OR
Log In

Show Comments

Extras

Top Quizzes Today


Score Distribution

Your Account Isn't Verified!

In order to create a playlist on Sporcle, you need to verify the email address you used during registration. Go to your Sporcle Settings to finish the process.

Report this User

Report this user for behavior that violates our Community Guidelines.

Details: